Batı uygarlığı tarihine teorik bir giriş (Kayıt no. 567)

MARC ayrıntıları
000 -BAŞLIK
Sabit Uzunlukta Kontrol Alanı 00725na a2200253 4500
001 - KONTROL NUMARASI
Denetim Alanı 14347
003 - KONTROL NUMARASI IDENTIFIER
Denetim Alanı MIRAKIL
005 - SON İŞLEM TARİHİ VE ZAMANI
Denetim Alanı 20181213154754.0
008 - SABİT-BOY VERİ ELEMANLARI - GENEL BİLGİLER
Sabit Uzunlukta Kontrol Alanı 161025b tu 000 0
020 ## - ULUSLARARASI STANDART KİTAP NUMARASI
Uluslararası Standart Kitap Numarası 9789944963312
040 ## - KATALOGLAMA KAYNAK
Orijinal Kataloglama Ajansı Milas
Kataloglama Dili tur
Metne Dönüştürmek Ajansı TR-AnCHP
041 ## - DİL KODU
Metin / Ses Parça Veya Ayrı Başlığın Dil Kodu tur
082 ## - DEWEY ONLU SINIFLANDIRMA NUMARASI
Sınıflandırma Numarası 909.09821
Ürün Numarası Y28b 2008
090 ## - SINIFLAMA NUMARASI
Sınıflama Numarası 909.09821 Y28b 2008
100 ## - ANA GİRİŞ - KİŞİSEL İSİM
Kişisel Ad Yavuz, Hilmi
245 ## - BAŞLIK TABLOSU
Başlık Batı uygarlığı tarihine teorik bir giriş
Sorumluluk Tablosu, Vb Hilmi Yavuz, Burcu Pelvanoğlu; editör Turgut Tatar
260 ## - YAYIN, DAĞITIM, VB
Yayın, Dağıtım, Vb Yeri Ankara
Yayıncı, Dağıtıcı, Vs Adı Aşina Kitaplar
Yayın, Dağıtım, Vb Tarihi 2008
300 ## - FİZİKSEL TANIM
Kapsam 157 s.
Diğer Fiziksel Ayrıntıları res.
Boyutlar 21 sm.
504 ## - KAYNAKÇA VB NOT
Kaynakça Vb Notu Kaynakça var.
650 ## - KONU KATMA GİRİŞ - TOPİKAL DÖNEM
Topikal Süreli Veya Coğrafi Ad Giriş Elemanı Uygarlıklar
Genel Alt Bölümü Tarih
Coğrafi Alt Bölümü Batı
700 ## - KATMA GİRİŞ - KİŞİSEL İSİM
Kişisel Ad Tatar, Turgut
700 ## - KATMA GİRİŞ - KİŞİSEL İSİM
Kişisel Ad Pelvanoğlu, Burcu
942 ## - EKLENDİ GİRİŞ ELEMANLARI (KOHA)
Sınıflandırma Veya Raf Düzeni Kaynak Dewey Decimal Classification
Koha Öğesi Türü Kitaplar
999 ## - SİSTEM KONTROL NUMARALARI (KOHA)
Koha Biblionumber 567
Koha Biblioitemnumber 567
Mevcut
Kalıcı Konum Mevcut Konum Edinme Tarihi Edinim Kaynak Toplam Check-Out'Lar Tam Çağrı Numarası Barkod Tarih Son Görülme İtibaren Geçerli Fiyatlar Koha Öğesi Türü
CHP Kütüphanesi CHP Kütüphanesi 08/26/2016 Bağış   909.09821 Y28b 2008 001976 08/26/2016 08/26/2016 Kitaplar